| 000 | 00558aam a2200229 4500 | ||
|---|---|---|---|
| 005 | 20240809133103.0 | ||
| 008 | 150623b xxu||||| |||| 00| 0 spa d | ||
| 020 | _a9688535397 | ||
| 041 | _aESP | ||
| 082 | _a793.21 D553g | ||
| 100 |
_aDickinson, Gill _926202 |
||
| 100 |
_aGoodwin, Julia _926203 |
||
| 245 | _aEl gran libro de las fiestas infantiles | ||
| 260 | _aMéxico | ||
| 260 | _bOniro | ||
| 260 | _c2004 | ||
| 300 | _a160 páginas | ||
| 650 | _aFIESTAS INFANTILES | ||
| 650 | _aFIESTAS TEMÁTICAS | ||
| 942 |
_cBK _2ddc |
||
| 999 |
_c1444 _d1444 |
||